000 00292nam a22001337a 4500
008 170331b xxu||||| |||| 00| 0 eng d
020 _a5793760024953
041 _aeng
080 _a616-053.2
100 _a8
101 _aSHM
245 _aPEDIATRIC FACTS
_cSCHILLING, J.A
942 _2udc
_cBK
999 _c9171
_d9171